<?xml version="1.0" encoding="UTF-8"?>
<record
    xmlns:xsi="http://www.w3.org/2001/XMLSchema-instance"
    xsi:schemaLocation="http://www.loc.gov/MARC21/slim http://www.loc.gov/standards/marcxml/schema/MARC21slim.xsd"
    xmlns="http://www.loc.gov/MARC21/slim">

  <leader>00485    a2200181   4500</leader>
  <controlfield tag="003">OSt</controlfield>
  <controlfield tag="005">20231121140206.0</controlfield>
  <controlfield tag="008">231121b        |||||||| |||| 00| 0 eng d</controlfield>
  <datafield tag="020" ind1=" " ind2=" ">
    <subfield code="a">8125917152</subfield>
  </datafield>
  <datafield tag="040" ind1=" " ind2=" ">
    <subfield code="c">oclc</subfield>
  </datafield>
  <datafield tag="082" ind1=" " ind2=" ">
    <subfield code="a">580</subfield>
    <subfield code="b">PAN/T</subfield>
  </datafield>
  <datafield tag="100" ind1=" " ind2=" ">
    <subfield code="a">Pandey, S N</subfield>
    <subfield code="9">2549</subfield>
  </datafield>
  <datafield tag="245" ind1=" " ind2=" ">
    <subfield code="a">Text Book of Botany volume I /</subfield>
    <subfield code="c">S N Pandey, P S Trivedi</subfield>
  </datafield>
  <datafield tag="250" ind1=" " ind2=" ">
    <subfield code="a">11th ed.</subfield>
  </datafield>
  <datafield tag="260" ind1=" " ind2=" ">
    <subfield code="b">Vikas,</subfield>
    <subfield code="c">2005.</subfield>
  </datafield>
  <datafield tag="300" ind1=" " ind2=" ">
    <subfield code="a">752p</subfield>
  </datafield>
  <datafield tag="942" ind1=" " ind2=" ">
    <subfield code="2">ddc</subfield>
    <subfield code="c">BK</subfield>
    <subfield code="h">580</subfield>
    <subfield code="i">PAN/T</subfield>
    <subfield code="k">580</subfield>
    <subfield code="m">PAN/T</subfield>
  </datafield>
  <datafield tag="952" ind1=" " ind2=" ">
    <subfield code="0">0</subfield>
    <subfield code="1">0</subfield>
    <subfield code="2">ddc</subfield>
    <subfield code="4">0</subfield>
    <subfield code="7">0</subfield>
    <subfield code="8">BOTANY</subfield>
    <subfield code="a">MES</subfield>
    <subfield code="b">MES</subfield>
    <subfield code="c">BOTANY</subfield>
    <subfield code="d">2023-11-21</subfield>
    <subfield code="l">0</subfield>
    <subfield code="o">580 PAN/T</subfield>
    <subfield code="p">43573</subfield>
    <subfield code="r">2023-11-21 14:02:53</subfield>
    <subfield code="t">1</subfield>
    <subfield code="v">365.00</subfield>
    <subfield code="w">2023-11-21</subfield>
    <subfield code="y">BK</subfield>
    <subfield code="z">GL18R4</subfield>
  </datafield>
  <datafield tag="952" ind1=" " ind2=" ">
    <subfield code="0">0</subfield>
    <subfield code="1">0</subfield>
    <subfield code="2">ddc</subfield>
    <subfield code="4">0</subfield>
    <subfield code="7">0</subfield>
    <subfield code="8">BOTANY</subfield>
    <subfield code="a">MES</subfield>
    <subfield code="b">MES</subfield>
    <subfield code="c">BOTANY</subfield>
    <subfield code="d">2023-11-21</subfield>
    <subfield code="l">0</subfield>
    <subfield code="o">580 PAN/T</subfield>
    <subfield code="p">43574</subfield>
    <subfield code="r">2023-11-21 14:02:53</subfield>
    <subfield code="t">2</subfield>
    <subfield code="v">365.00</subfield>
    <subfield code="w">2023-11-21</subfield>
    <subfield code="y">BK</subfield>
    <subfield code="z">GL18R4</subfield>
  </datafield>
  <datafield tag="999" ind1=" " ind2=" ">
    <subfield code="c">43672</subfield>
    <subfield code="d">43672</subfield>
  </datafield>
</record>
